| 000 | 00965cam a2200301 i 4500 | ||
|---|---|---|---|
| 999 |
_c200452973 _d71185 |
||
| 003 | TR-AnTOB | ||
| 005 | 20230809165718.0 | ||
| 007 | ta | ||
| 008 | 050706s1996 tu d 000 0 tur d | ||
| 040 |
_aBGZ _beng _erda _cBGZ _dTVG _dOCLCF _dSULEY _dTR-AnTOB |
||
| 041 | 0 | _atur | |
| 050 | 1 | 4 |
_aHD9621.7.T92 _bM476 1996 |
| 090 |
_aHD9621.7.T92 _bM476 1996 |
||
| 245 | 0 | 0 |
_aMermer sektörünün potansiyeli / _chazırlayan: Kaan Gültekin. |
| 264 | 1 |
_aİzmir : _bİzmir Ticaret Odası, _c1996. |
|
| 300 |
_a30 pages : _btables ; _c24 cm |
||
| 336 |
_atext _btxt _2rdacontent |
||
| 337 |
_aunmediated _bn _2rdamedia |
||
| 338 |
_avolume _bnc _2rdacarrier |
||
| 490 | 0 |
_aYayın no ; _v23 |
|
| 504 | _aBIB | ||
| 650 | 7 |
_aMermer endüstrisi ve ticareti _zTürkiye _2etuturkob _9131892 |
|
| 650 | 7 |
_aMermer _zTürkiye _2etuturkob _9131891 |
|
| 700 | 1 |
_aGültekin, Kaan _eeditor _967194 |
|
| 710 | 2 |
_aİzmir Ticaret Odası _957135 |
|
| 942 |
_2lcc _cBK |
||